[Event "Foment Martinenc op-C 21st"]
[White "Fernandez Macarron, Mariano"]
[Black "Taltavull Hidalgo, Junia"]
[Site "Barcelona"]
[Round "8"]
[Result "0-1"]
[Date "2019.06.15"]
[WhiteElo "1705"]
[BlackElo "1642"]
[PlyCount "82"]
[EventDate "2019.04.27"]
[EventType "swiss"]
[EventRounds "9"]
[EventCountry "ESP"]
[SourceTitle "EXT 2020"]
[Source "ChessBase"]
[SourceDate "2019.10.17"]
[SourceVersion "1"]
[SourceVersionDate "2019.10.17"]
[SourceQuality "1"]

1. d4 Nf6 2. Bf4 e6 3. e3 b6 4. Nd2 Bb7 5. h3 c5 6. c3 Nc6 7. Ngf3 Be7 8. Bd3 Qc8 9. Qc2 0-0 10. 0-0 Ba6 11. a3 d5 12. c4 cxd4 13. exd4 dxc4 14. Nxc4 Rd8 15. Be3 Na5 16. b3 Rd7 17. Rfc1 Rc7 18. Bf4 Rc6 19. Nfe5 Rc7 20. Qe2 Nxb3 21. Nd6 Nxc1 22. Qf1 Nxd3 23. Nxc8 Raxc8 24. Nxd3 Rc3 25. Rc1 Bxd3 26. Qe1 Rxc1 27. Bxc1 Ne4 28. Qe3 Rc3 29. Bb2 Rb3 30. Qc1 h6 31. g3 b5 32. Kg2 Bd6 33. d5 exd5 34. Bd4 Rxa3 35. Qb2 f6 36. Qc1 b4 37. Qc8+ Bf8 38. Qe6+ Kh8 39. Qxd5 Ng5 40. Qd8 Ne6 41. Bc5 Nxd8 0-1

[Event "Foment Martinenc op-C 20th"]
[White "Taltavull Hidalgo, Junia"]
[Black "Punsola Mena, Pol"]
[Site "Barcelona"]
[Round "6"]
[Result "0-1"]
[Date "2018.05.26"]
[WhiteElo "1620"]
[BlackElo "1764"]
[PlyCount "56"]
[EventDate "2018.04.21"]
[EventType "swiss"]
[EventRounds "9"]
[EventCountry "ESP"]
[SourceTitle "CBM 184 Extra"]
[Source "ChessBase"]
[SourceDate "2018.06.28"]
[SourceVersion "1"]
[SourceVersionDate "2018.06.28"]
[SourceQuality "1"]

1. d4 Nf6 2. Nf3 c5 3. c3 e6 4. Bg5 Nc6 5. e3 cxd4 6. exd4 d5 7. Bd3 h6 8. Bh4 Be7 9. Nbd2 Bd7 10. 0-0 0-0 11. Re1 Ne8 12. Bg3 Bd6 13. Ne5 Nxe5 14. dxe5 Bc5 15. Bf4 Qb6 16. Qf3 Bb5 17. Bc2 Qd8 18. Qh3 f5 19. Nb3 Bb6 20. Be3 Bxe3 21. Rxe3 Rc8 22. Nd4 Qb6 23. Rg3 Bd7 24. Qxh6 Qxb2 25. Rb1 Qxa2 26. Rxb7 Rxc3 27. Qg6 Qa1+ 28. Rb1 Qxb1+ 0-1

[Event "Foment Martinenc op-C 20th"]
[White "Bernat Mor, Juli"]
[Black "Taltavull Hidalgo, Junia"]
[Site "Barcelona"]
[Round "3"]
[Result "0-1"]
[Date "2018.05.05"]
[WhiteElo "1719"]
[BlackElo "1620"]
[PlyCount "86"]
[EventDate "2018.04.21"]
[EventType "swiss"]
[EventRounds "9"]
[EventCountry "ESP"]
[SourceTitle "CBM 184 Extra"]
[Source "ChessBase"]
[SourceDate "2018.06.28"]
[SourceVersion "1"]
[SourceVersionDate "2018.06.28"]
[SourceQuality "1"]

1. d4 Nf6 2. c4 e6 3. Nc3 Bb4 4. Bg5 b6 5. Bxf6 Qxf6 6. Nf3 Bb7 7. Qb3 Bxc3+ 8. Qxc3 0-0 9. 0-0-0 d6 10. g3 Nd7 11. Bg2 Rfd8 12. h4 c5 13. Kb1 Rac8 14. g4 Qg6+ 15. Ka1 Qxg4 16. Bh3 Qf4 17. Qe3 Qxe3 18. fxe3 cxd4 19. Rxd4 Ne5 20. e4 Rxc4 21. Rhd1 Rdc8 22. b3 Rxd4 23. Rxd4 Nxf3 24. exf3 Rd8 25. e5 d5 26. f4 Rc8 27. Kb2 Ba6 28. Ra4 Bd3 29. Rxa7 Kf8 30. Rb7 Rc2+ 31. Ka3 b5 32. Rb6 Rh2 33. Bxe6 fxe6 34. Rxe6 Rxh4 35. Rd6 Be4 36. Rb6 Rxf4 37. Rxb5 d4 38. Rb4 d3 39. Rd4 h5 40. b4 h4 41. b5 h3 42. b6 g5 43. Rxd3 Rf3 0-1